[Event "Riadh Rapid op"]
[Site "Riadh"]
[Date "2023.03.18"]
[Round "9"]
[White "Algabri, Asma"]
[Black "Ahmad, Ebrahim Abdulkarim"]
[Result "1-0"]
[WhiteElo "1583"]
[BlackElo "1854"]
[PlyCount "113"]
[EventDate "2023.03.17"]
[EventType "swiss (rapid)"]
[EventRounds "9"]
[EventCountry "SAU"]
[SourceTitle "CBM 213 Extra"]
[Source "ChessBase"]
[SourceDate "2023.05.31"]
[SourceVersion "1"]
[SourceVersionDate "2023.05.31"]
[SourceQuality "1"]

1. d4 Nf6 2. Nf3 g6 3. Bf4 Nh5 4. Bg5 h6 5. Bc1 Bg7 6. c3 d6 7. e4 0-0 8. Be2 Qe8 9. 0-0 e5 10. Nbd2 Nf4 11. dxe5 dxe5 12. Nc4 Nxe2+ 13. Qxe2 b6 14. Ne3 Ba6 15. c4 Nc6 16. b3 Qe6 17. Bb2 Nd4 18. Nxd4 exd4 19. Nd5 Rac8 20. Qd3 c6 21. Nf4 Qf6 22. Ne2 c5 23. Bc1 Bb7 24. f3 Rfe8 25. Bd2 Qe7 26. Rae1 Qd7 27. Nf4 Kh7 28. Nd5 Bc6 29. a4 Rb8 30. Bf4 Rb7 31. h3 a6 32. Ra1 b5 33. a5 h5 34. Rfc1 bxc4 35. bxc4 f5 36. Rcb1 fxe4 37. fxe4 Rf8 38. Bg3 Bh6 39. Rb6 Rxb6 40. axb6 Bb7 41. Bh4 Qe6 42. Rb1 a5 43. Rb5 g5 44. Bg3 h4 45. Bc7 g4 46. hxg4 Qf7 47. e5+ Kh8 48. Nf6 Be3+ 49. Kh2 Bg5 50. Qf5 Bxf6 51. exf6 d3 52. Qxd3 Qxf6 53. Rxc5 Kg8 54. Rf5 Qc6 55. Rg5+ Kf7 56. Qh7+ Kf6 57. Rg6# 1-0